000
00287nam a22001217a 4500
008
180221b xxu||||| |||| 00| 0 eng d
041
_a
eng
080
_a
316
100
_a
50
101
_a
SOC
245
_a
Sexual harassment in the workplace and academia
_c
Shrier,D.K
942
_2
udc
_c
BK
999
_c
42995
_d
42995